00621 2200205 4500001002100000005001700021008004100038035002400079090001800103100001800121245004100139260009600180300002400276500002600300650004000326850001500366980001300381985000600394999001500400YOGYA-0209000006662820090227091916.0 ind  0010-020900000066628 a801bKar YlT aKARTINI, Tini aYuhana sastrawan SundacTini Kartini aJakartabPusat Pembinaan dan Pengembangan Bahasa Departemen Pendidikan dan Kebudayaanc1979 axiii, 81 hlmc22 cm aBibliografi : hlm. 72 aKesusasteraan Sunda - Kritik Sastra aYOPDYOG(B) a11-09-08 a1 aa000038424